000 00626nam a22001697a 4500
082 _a891.43909
_bQAM
100 _aQamar,Dr Naheed
245 _aUrdu Adab ma Tareekhiyat/
_cDr Naheed Qamar
260 _aIslamabad:
_bPorab Aqadmi,
_c2017.
300 _a206p. :
_c25cm.
563 _aHB
650 _aLiterary Movements and Their Historical Background
_9129631
880 _6100-01\(3\r
_aڈاکٹر ناہید قمر
880 _6245-02\(3\r
_aاردو ادب میں تاریخیات/
_bڈاکٹر ناہید قمر
880 _6260-03\(3\r
_aاسلام آباد:
_bپوراب اکیڈمی,
_c2017.
942 _2ddc
_cBK
999 _c614230
_d614230